Ernestina y el ninja inatrapable / (Registro nro. 112)
[ vista simple ]
| 000 -LEADER | |
|---|---|
| fixed length control field | 01055nam a22001937a 4500 |
| 003 - CONTROL NUMBER IDENTIFIER | |
| control field | OSt |
| 005 - DATE AND TIME OF LATEST TRANSACTION | |
| control field | 20240416093903.0 |
| 008 - FIXED-LENGTH DATA ELEMENTS--GENERAL INFORMATION | |
| fixed length control field | 231010s2017 ag ||||| |||| 00| 1 spa d |
| 020 ## - INTERNATIONAL STANDARD BOOK NUMBER | |
| International Standard Book Number | 9789871912612 |
| 040 ## - CATALOGING SOURCE | |
| Transcribing agency | besoc |
| 245 00 - TITLE STATEMENT | |
| Title | Ernestina y el ninja inatrapable / |
| Statement of responsibility, etc. | [Textos José Ignacio Sainz y Francisco Sanguineti ; dibujos Alumnos Escuela para Animadores ; edición Juan Manuel Alonso, Lorena Méndez, Lis Mondaini y Leticia Santa Cruz] |
| 260 ## - PUBLICATION, DISTRIBUTION, ETC. | |
| Place of publication, distribution, etc. | Rosario : |
| Name of publisher, distributor, etc. | emr, |
| Date of publication, distribution, etc. | 2017 |
| 300 ## - PHYSICAL DESCRIPTION | |
| Extent | 60 p. |
| 520 ## - SUMMARY, ETC. | |
| Summary, etc. | Para ganar el concurso de Fenómenos Urbanos Breves, Ernestina necesita encontrar el fenómeno más raro de la ciudad y sacarle una foto. Ya hace dos semanas que esta buscando al ninja inatrapable, a quien nadie vio nunca. A media hora del cierre del concurso, Ernestina se esta quedando sin tiempo, pero recibe ayuda inesperada... [Nota del editor] |
| 650 ## - SUBJECT ADDED ENTRY--TOPICAL TERM | |
| Topical term or geographic name entry element | Literatura argentina |
| Form subdivision | Novela gráfica |
| Chronological subdivision | Siglo XXI |
| General subdivision | Colección juvenil |
| 700 1# - ADDED ENTRY--PERSONAL NAME | |
| Personal name | Sainz, José Ignacio |
| Relator term | autor |
| 700 ## - ADDED ENTRY--PERSONAL NAME | |
| Personal name | Sanguineti, Francisco |
| Relator term | autor |
| 942 ## - ADDED ENTRY ELEMENTS (KOHA) | |
| Source of classification or shelving scheme | Universal Decimal Classification |
| Koha item type | Obra General |
| Suppress in OPAC | No |
| Withdrawn status | Lost status | Source of classification or shelving scheme | Damaged status | Not for loan | Collection | Home library | Current library | Date acquired | Total checkouts | Full call number | Barcode | Date last seen | Price effective from | Koha item type |
|---|---|---|---|---|---|---|---|---|---|---|---|---|---|---|
| Universal Decimal Classification | Colección General | Biblioteca Escuela de Ciencias Sociales | Biblioteca Escuela de Ciencias Sociales | 11/10/2023 | 82-36(821.6) ER71 | 000033 | 11/10/2023 | 11/10/2023 | Obra General |